Otherhow : essays and documents on art and disability, 1985-2024 /

Otherhow brings together four decades of writings, lectures, interviews, and documentation of work by the artist Joseph Grigely. Deaf since the age of ten, his art and writing have long questioned and made use of various modes of communication--photographs, handwritten notes, lipreading, newspaper h...

Full description

Bibliographic Details
Main Author: Grigely, Joseph, 1956- (Author)
Other Authors: Hoff, James (Editor)
Format: Book
Language:English
Published: Brooklyn, NY : Primary Information, [2025]
Subjects:

MARC

Tag First Indicator Second Indicator Subfields
LEADER 00000cam a2200000 i 4500
001 in00005778313
005 20260412195327.3
008 260218t20252025nyua b 000 e eng c
040 |a MYA  |b eng  |e rda  |c MYA  |d VGM  |d CUI  |d COO  |d OCLCO  |d TOH  |d IG#  |d NDD  |d YDX  |d CUY  |d OCLCO  |d IAI  |d YDX  |d CLART 
019 |a 1468568220  |a 1481601353  |a 1526036530  |a 1572689143 
020 |a 9798991036719 
035 |a (OCoLC)1573648975  |z (OCoLC)1468568220  |z (OCoLC)1481601353  |z (OCoLC)1526036530  |z (OCoLC)1572689143 
042 |a pcc 
050 4 |a N6537.G7184  |b A35 2025 
082 0 4 |a 701/.03  |2 23/eng/20260323 
100 1 |a Grigely, Joseph,  |d 1956-  |e author,  |e artist.  |1 https://id.oclc.org/worldcat/entity/E39PBJmTqMwpB9bDQMrB6TTmBP 
245 1 0 |a Otherhow :  |b essays and documents on art and disability, 1985-2024 /  |c Joseph Grigely. 
246 3 0 |a Essays and documents on art and disability, 1985-2024 
264 1 |a Brooklyn, NY :  |b Primary Information,  |c [2025] 
264 4 |c ©2025 
300 |a 429 pages :  |b illustrations (some color) ;  |c 26 cm 
336 |a text  |b txt  |2 rdacontent  |0 http://id.loc.gov/vocabulary/contentTypes/txt 
336 |a still image  |b sti  |2 rdacontent  |0 http://id.loc.gov/vocabulary/imageTypes/sti 
337 |a unmediated  |b n  |2 rdamedia  |0 http://id.loc.gov/vocabulary/mediaTypes/n 
338 |a volume  |b nc  |2 rdacarrier  |0 http://id.loc.gov/vocabulary/carriers/nc 
500 |a "Editor: James Hoff"--Colophon. 
505 2 |a Introduction -- Essays on art, culture, and disability -- Lectures -- Interviews -- Letters, statements, proposals, incidents: Part 1, Art -- Letters, statements, proposals, incidents: Part 2, Access -- Advocacy. 
504 |a Includes bibliograpical references. 
520 |a Otherhow brings together four decades of writings, lectures, interviews, and documentation of work by the artist Joseph Grigely. Deaf since the age of ten, his art and writing have long questioned and made use of various modes of communication--photographs, handwritten notes, lipreading, newspaper headlines, paintings, and TV captions--to examine and scrutinize the ableism embedded in cultural and media production. From his brilliant series of postcards addressed to Sophie Calle, where he began to formulate a theory on the intersection of disability and art, to his epic lecture "On Failure," which brings together the poet Keats, "the first woman of fly tying" Helen Shaw, and the filmmaker Andrei Tarkovsky to the same table for a conversation on beauty, Grigely's writing is erudite, but clear; righteous with fury, but dryly humorous. 
600 1 0 |a Grigely, Joseph,  |d 1956-  |v Miscellanea. 
650 0 |a People with disabilities in art. 
650 0 |a Art and society. 
650 0 |a Deaf artists. 
650 0 |a Communication in art. 
650 6 |a Personnes handicapées dans l'art.  |0 (CaQQLa)000290094 
650 6 |a Artistes sourds.  |0 (CaQQLa)201-0267252 
650 6 |a Art et société.  |0 (CaQQLa)201-0001587 
650 6 |a Communication dans l'art.  |0 (CaQQLa)201-0064658 
655 7 |a interviews.  |2 aat  |0 (CStmoGRI)aatgf300026392 
655 7 |a miscellanies.  |2 aat  |0 (CStmoGRI)aatgf300404026 
655 7 |a Essays.  |2 lcgft 
655 7 |a Interviews.  |2 lcgft 
655 7 |a Trivia and miscellanea.  |2 lcgft 
655 7 |a Interviews.  |2 rvmgf  |0 (CaQQLa)RVMGF-000000446 
655 7 |a Miscellanées.  |2 rvmgf  |0 (CaQQLa)RVMGF-000001281 
700 1 |a Hoff, James,  |e editor.  |1 https://id.oclc.org/worldcat/entity/E39PCjGgjyGVt3K4VCy9cHC4v3 
710 2 |a Primary Information (Organization),  |e issuing body. 
852 8 |b POD  |z This title is available for the library to purchase for your use. Click the "Purchase It For Me" button to place a request. This item will take 5-10 business days to arrive. 
955 |a Print PDA title 
961 |m 565730 
999 f f |i ecaeffd9-788a-45f6-aea7-8c2b40609292  |s 5b9a9be5-46f8-45bb-a898-01775560e711  |t 0 
952 f f |a Texas A&M University  |b College Station  |c Sterling C. Evans Library  |s Evans POD  |d Purchase on Demand  |t 0  |e N6537.G7184 A35 2025  |h Library of Congress classification 
998 f f |a N6537.G7184 A35 2025  |t 0  |l Purchase on Demand